000 00282nam a22001217a 4500
008 170525b xxu||||| |||| 00| 0 eng d
041 _aeng
080 _24 ED
_a621.3
100 _a26
101 _aIM
245 _aINTERGRATED CIRCUIT ENGINEERING
_cMADLAND.G.R
942 _2udc
_cBK
999 _c14254
_d14254